La guerre civile. Texte établi et traduit par Pierre Fabre /

Guardado en:
Autor Principal: César, Cayo Julio.
Formato: Libro
Idioma:Latin
French
Publicado: Paris : Les belles lettres, 1954.
Edición:4. ed.
Materias:
Etiquetas: Agregar Etiqueta
Sin Etiquetas, Sea el primero en etiquetar este registro!
LEADER 00567nam a22001815a 4500
001 EHU.bham049421
005 20121024100226.0
008 041125s1954####fr############000#0#lat#d
041 0 |a lat  |a fre 
082 0 4 |a 870 
100 1 |a César, Cayo Julio. 
245 1 3 |a La guerre civile. Texte établi et traduit par Pierre Fabre /  |c Cayo J. César. 
250 |a 4. ed. 
260 |a Paris :  |b Les belles lettres,  |c 1954. 
300 |a 2 v. 
653 |a Literatura latina 
653 |a Literatura clasica 
859 |a AR-BHAM  |b BIB. HUMANIDADES - Seccion BC  |h 870  |i C338gua4  |p BC1916/958  |v v.1 BC